000 00923cam a22002655a 4500
001 L143623
008 080521s2008 xxk f 000 0 eng d
020 _a9781848060364
035 _a(Sirsi) u143623
041 0 _aeng
050 0 4 _a333.72 $2 18
100 1 _aPrior, Josephine
245 0 0 _aDelivering sustainability objectives through planning
260 _aGarston
_bBRE
_c2008
300 _a4p.
_bcol. ill.
_c30cm.
490 0 _aBRE Information Paper
_vIP 3/08
520 _aDiscusses the ways in which local authorities are using the BRE Environmental Assessment Method (BREEAM) and the Code for Sustainable Homes to achieve their sustainable development goals through the planning system.
521 _aAdvanced
590 _aKA
650 2 4 _aBREEAM
651 4 _aUnited Kingdom
_y
690 _aENVIRONMENTAL AND LAND CONSULTANCY-PLANNING AND DEVELOPMENT
700 1 _aWilliams, Claire
942 _n0
999 _c108233
_d108233